00712nam a2200241 a 4500001001300000003000900013005001700022008004100039020002300080082001700103100002600120245002900146260003800175300000900213500003500222505002000257650002400277700002600301902000800327942000700335952011300342999001500455nice12345678IN_TiNIC20260116012305.0080421s1989 dela grp 000 0 eng  a8120202643 c25000a230.046bENG aEngineer, Ashghar Ali aReligion Andf Liberation aDelhibAjanta Publications c1989 a239p aincludes index and biblioraphy2 aAppendix, Index aLiberation-Theology1 aEngineer, Ashghar Ali bSRS cBK 00104070aHMIbHMId2008-04-21g250.00l3m1o230.046 ENGp014184r2019-10-01s2019-09-23w2026-01-16yEB c6418d6418